| 000 | 00656nam a22001937a 4500 | ||
|---|---|---|---|
| 003 | OSt | ||
| 005 | 20140310182914.0 | ||
| 008 | 130129t xxu||||| |||| 00| 0 eng d | ||
| 050 |
_aBS2318 _b.M278 1972 |
||
| 082 |
_aFIL 225.9505 _bB47 1972 |
||
| 245 |
_aAng Biblia na isinalarawan: _bikatlong aklat; bagong tipan, mula sa kasaysayan ng panahon ni Jesus hanggang sa kasaysayan ni Pablo. _cManila. Social Communication Center. |
||
| 260 |
_aManila, _bSocial communication center, inc. _cc1972. |
||
| 300 |
_a312 p. : _bcol. : ill. ; _c26 cm. |
||
| 521 | _aCollege | ||
| 526 | _c1210L-1700L | ||
| 541 | _j1 | ||
| 562 | _e1 | ||
| 942 |
_2lcc _cBK _kFIL |
||
| 999 |
_c17271 _d17271 |
||